<?xml version="1.0" encoding="UTF-8"?>
<record
    xmlns:xsi="http://www.w3.org/2001/XMLSchema-instance"
    xsi:schemaLocation="http://www.loc.gov/MARC21/slim http://www.loc.gov/standards/marcxml/schema/MARC21slim.xsd"
    xmlns="http://www.loc.gov/MARC21/slim">

  <leader>00398nam a22001697a 4500</leader>
  <datafield tag="999" ind1=" " ind2=" ">
    <subfield code="c">11115</subfield>
    <subfield code="d">11115</subfield>
  </datafield>
  <controlfield tag="003">OSt</controlfield>
  <controlfield tag="008">220409b           ||||| |||| 00| 0 eng d</controlfield>
  <datafield tag="020" ind1=" " ind2=" ">
    <subfield code="a">9789350234</subfield>
  </datafield>
  <datafield tag="082" ind1=" " ind2=" ">
    <subfield code="a">004.678 PFG</subfield>
  </datafield>
  <datafield tag="100" ind1=" " ind2=" ">
    <subfield code="a">PFISTER,Cuno</subfield>
  </datafield>
  <datafield tag="245" ind1=" " ind2=" ">
    <subfield code="a">Getting Started with the Internet of Things</subfield>
  </datafield>
  <datafield tag="250" ind1=" " ind2=" ">
    <subfield code="a">8th Ed</subfield>
  </datafield>
  <datafield tag="260" ind1=" " ind2=" ">
    <subfield code="a">New Delhi</subfield>
    <subfield code="b">Oreily</subfield>
    <subfield code="c">2021</subfield>
  </datafield>
  <datafield tag="300" ind1=" " ind2=" ">
    <subfield code="a">176</subfield>
  </datafield>
  <datafield tag="650" ind1=" " ind2=" ">
    <subfield code="a">ECE</subfield>
  </datafield>
  <datafield tag="942" ind1=" " ind2=" ">
    <subfield code="2">ddc</subfield>
    <subfield code="c">BK</subfield>
    <subfield code="0">1</subfield>
  </datafield>
  <datafield tag="952" ind1=" " ind2=" ">
    <subfield code="0">0</subfield>
    <subfield code="1">0</subfield>
    <subfield code="2">ddc</subfield>
    <subfield code="4">0</subfield>
    <subfield code="7">0</subfield>
    <subfield code="8">BTECHECE</subfield>
    <subfield code="a">PIET</subfield>
    <subfield code="b">PIET</subfield>
    <subfield code="d">2022-04-01</subfield>
    <subfield code="e">Kirti Praskshan</subfield>
    <subfield code="f">IN Rupees</subfield>
    <subfield code="g">550.00</subfield>
    <subfield code="k">IN1</subfield>
    <subfield code="l">0</subfield>
    <subfield code="o">004.678 PFG</subfield>
    <subfield code="p">33521</subfield>
    <subfield code="r">2022-04-09 00:00:00</subfield>
    <subfield code="v">412.50</subfield>
    <subfield code="w">2022-04-01</subfield>
    <subfield code="y">BK</subfield>
  </datafield>
  <datafield tag="952" ind1=" " ind2=" ">
    <subfield code="0">0</subfield>
    <subfield code="1">0</subfield>
    <subfield code="2">ddc</subfield>
    <subfield code="4">0</subfield>
    <subfield code="7">0</subfield>
    <subfield code="8">BTECHECE</subfield>
    <subfield code="a">PIET</subfield>
    <subfield code="b">PIET</subfield>
    <subfield code="d">2022-04-01</subfield>
    <subfield code="e">Kirti Praskshan</subfield>
    <subfield code="f">IN Rupees</subfield>
    <subfield code="g">550.00</subfield>
    <subfield code="k">IN1</subfield>
    <subfield code="l">2</subfield>
    <subfield code="o">004.678 PFG</subfield>
    <subfield code="p">33522</subfield>
    <subfield code="r">2023-04-03 00:00:00</subfield>
    <subfield code="s">2023-03-29</subfield>
    <subfield code="v">412.50</subfield>
    <subfield code="w">2022-04-01</subfield>
    <subfield code="y">BK</subfield>
  </datafield>
  <datafield tag="952" ind1=" " ind2=" ">
    <subfield code="0">0</subfield>
    <subfield code="1">0</subfield>
    <subfield code="2">ddc</subfield>
    <subfield code="4">0</subfield>
    <subfield code="7">0</subfield>
    <subfield code="8">BTECHECE</subfield>
    <subfield code="a">PIET</subfield>
    <subfield code="b">PIET</subfield>
    <subfield code="d">2022-04-01</subfield>
    <subfield code="e">Kirti Praskshan</subfield>
    <subfield code="f">IN Rupees</subfield>
    <subfield code="g">550.00</subfield>
    <subfield code="k">IN1</subfield>
    <subfield code="l">0</subfield>
    <subfield code="o">004.678 PFG</subfield>
    <subfield code="p">33523</subfield>
    <subfield code="r">2022-04-09 00:00:00</subfield>
    <subfield code="v">412.50</subfield>
    <subfield code="w">2022-04-01</subfield>
    <subfield code="y">BK</subfield>
  </datafield>
  <datafield tag="952" ind1=" " ind2=" ">
    <subfield code="0">0</subfield>
    <subfield code="1">0</subfield>
    <subfield code="2">ddc</subfield>
    <subfield code="4">0</subfield>
    <subfield code="7">0</subfield>
    <subfield code="8">BTECHECE</subfield>
    <subfield code="a">PIET</subfield>
    <subfield code="b">PIET</subfield>
    <subfield code="d">2022-04-01</subfield>
    <subfield code="e">Kirti Praskshan</subfield>
    <subfield code="f">IN Rupees</subfield>
    <subfield code="g">550.00</subfield>
    <subfield code="k">IN1</subfield>
    <subfield code="l">0</subfield>
    <subfield code="o">004.678 PFG</subfield>
    <subfield code="p">33524</subfield>
    <subfield code="r">2022-04-09 00:00:00</subfield>
    <subfield code="v">412.50</subfield>
    <subfield code="w">2022-04-01</subfield>
    <subfield code="y">BK</subfield>
  </datafield>
  <datafield tag="952" ind1=" " ind2=" ">
    <subfield code="0">0</subfield>
    <subfield code="1">0</subfield>
    <subfield code="2">ddc</subfield>
    <subfield code="4">0</subfield>
    <subfield code="7">0</subfield>
    <subfield code="8">BTECHECE</subfield>
    <subfield code="a">PIET</subfield>
    <subfield code="b">PIET</subfield>
    <subfield code="d">2022-04-01</subfield>
    <subfield code="e">Kirti Praskshan</subfield>
    <subfield code="f">IN Rupees</subfield>
    <subfield code="g">550.00</subfield>
    <subfield code="k">IN1</subfield>
    <subfield code="l">1</subfield>
    <subfield code="o">004.678 PFG</subfield>
    <subfield code="p">33525</subfield>
    <subfield code="r">2026-05-07 10:09:02</subfield>
    <subfield code="s">2026-04-22</subfield>
    <subfield code="v">412.50</subfield>
    <subfield code="w">2022-04-01</subfield>
    <subfield code="y">BK</subfield>
  </datafield>
</record>
